La complexité du placement familial : un leitmotiv dans le champ de l'enfance (notice n° 1760846)

détails MARC
000 -LEADER
fixed length control field 01315cam a2200217 4500500
005 - DATE AND TIME OF LATEST TRANSACTION
control field 20260322010939.0
041 ## - LANGUAGE CODE
Language code of text/sound track or separate title fre
042 ## - AUTHENTICATION CODE
Authentication code dc
100 10 - MAIN ENTRY--PERSONAL NAME
Personal name Sellenet, Catherine
Relator term author
245 00 - TITLE STATEMENT
Title La complexité du placement familial : un leitmotiv dans le champ de l'enfance
260 ## - PUBLICATION, DISTRIBUTION, ETC.
Date of publication, distribution, etc. 2005.<br/>
500 ## - GENERAL NOTE
General note 42
520 ## - SUMMARY, ETC.
Summary, etc. Régulièrement dans le discours social, la question de la complexité du placement familial refait surface. L’auteur s’interroge sur cette plainte réitérée et sur ce que peut masquer le recours à cette notion insuffisamment définie. De la même manière, tout le monde aujourd’hui dit « travailler avec les parents », une évidence qui oblitère en fait des positionnements multiples : fait-on la même chose lorsqu’on travaille pour les parents, sur les parents ou avec les parents ? Les modifications introduites par les mots sont-elles réelles, perceptibles au niveau des pratiques ou sont-elle des modifications de surface ?
690 ## - LOCAL SUBJECT ADDED ENTRY--TOPICAL TERM (OCLC, RLIN)
Topical term or geographic name as entry element accueil familial
690 ## - LOCAL SUBJECT ADDED ENTRY--TOPICAL TERM (OCLC, RLIN)
Topical term or geographic name as entry element co-éducation
690 ## - LOCAL SUBJECT ADDED ENTRY--TOPICAL TERM (OCLC, RLIN)
Topical term or geographic name as entry element Complexité
690 ## - LOCAL SUBJECT ADDED ENTRY--TOPICAL TERM (OCLC, RLIN)
Topical term or geographic name as entry element partenariat
690 ## - LOCAL SUBJECT ADDED ENTRY--TOPICAL TERM (OCLC, RLIN)
Topical term or geographic name as entry element travailler avec les parents
786 0# - DATA SOURCE ENTRY
Note Dialogue | 167 | 1 | 2005-03-01 | p. 51-60 | 0242-8962
856 41 - ELECTRONIC LOCATION AND ACCESS
Uniform Resource Identifier <a href="https://shs.cairn.info/revue-dialogue-2005-1-page-51?lang=fr&redirect-ssocas=7080">https://shs.cairn.info/revue-dialogue-2005-1-page-51?lang=fr&redirect-ssocas=7080</a>

Pas d'exemplaire disponible.

PLUDOC

PLUDOC est la plateforme unique et centralisée de gestion des bibliothèques physiques et numériques de Guinée administré par le CEDUST. Elle est la plus grande base de données de ressources documentaires pour les Étudiants, Enseignants chercheurs et Chercheurs de Guinée.

Adresse

627 919 101/664 919 101

25 boulevard du commerce
Kaloum, Conakry, Guinée

Réseaux sociaux

Powered by Netsen Group @ 2025